| 000 | 01117nam a22002777a 4500 | ||
|---|---|---|---|
| 001 | BD-DhSAU 8485 | ||
| 003 | BD-DhSAU | ||
| 005 | 20181224101021.0 | ||
| 008 | 150420b2010 bg ||||| m||| 000 0 eng d | ||
| 040 | _aBD-DhSAU | ||
| 082 |
_222 _a.... _b.... |
||
| 100 |
_aIslam, Robiul _eRegistration # 04-01391 |
||
| 245 |
_aGenetic diversity and correlation analysis of country Bean (lablab purpureus L.) / _bMS thesis _cRobiul Islam |
||
| 260 |
_aSher-e-Bangla Agricultural Universities : _bDepartment of Genetics and Plant Breeding, _c2010. |
||
| 300 |
_axv, 71 p. ; _c30 cm. _bill. ; |
||
| 500 | _aMS thesis of Department of Genetics and Plant Breeding, Faculty of Agriculture, Sher-e-Bangla Agricultural University, Dhaka, Bangladesh | ||
| 590 | _aerfat | ||
| 650 | _aGenetics and Plant Breeding. | ||
| 650 | _aGenetic diversity, | ||
| 650 | _aCorrelation | ||
| 650 | _aBean (Dolichos lalab L.) | ||
| 700 |
_aMahmud, Firoz _eSuperviser |
||
| 700 |
_aHossain, Md Sarowar _eCo-superviser |
||
| 856 | _uhttp://archive.saulibrary.edu.bd:8080/xmlui/handle/123456789/764 | ||
| 942 |
_2ddc _cTHESIS |
||
| 999 |
_c8485 _d8485 |
||